| 000 | 00900nas a2200313 4500 | ||
|---|---|---|---|
| 001 | BR2010003611 | ||
| 003 | BR-BrBNA | ||
| 005 | 20231205114607.0 | ||
| 007 | ta | ||
| 008 | 230509b bl.|||p| |||| 00| 00por d | ||
| 040 |
_aBR-BrBNA _bpor _cBiblioteca Nacional de Agricultura |
||
| 041 | _a(Pt) | ||
| 072 | _aF06 | ||
| 100 | 1 | _aParizi, A.R.C. | |
| 100 | 1 | _aPeiter, M.X. | |
| 100 | 1 | _aRobaina, A.D. | |
| 100 | 1 | _aSoares, F.C. | |
| 100 | 1 | _aVivan, G.A. | |
| 100 | 1 | _aRamão, C.J. | |
| 245 | 1 | _aNíveis de irrigação na cultura do Kalanchoe cultivado em ambiente protegido | |
| 650 | _aCALANCHOE | ||
| 650 | _aPLANTA ORNAMENTAL | ||
| 650 | _aIRRIGAÇÃO | ||
| 650 | _aCRESCIMENTO | ||
| 650 | _aÁREA FOLIAR | ||
| 773 | 0 |
_tCiência Rural (Brazil) _xISSN 0103-8478 _g(Apr 2010), v. 40(4) p. 854-861 _wBR2010003611 |
|
| 909 |
_a202311 _bLúcia _c55 _dLúcia Elande |
||
| 942 |
_2AGRIS _n0 _cANA |
||
| 999 |
_c209480 _d209480 |
||